000 01205nam a22002657a 4500
001 8730
003 FISKH
005 20251014155759.0
008 251014b cb ||||| |||| 00| 0 eng d
040 _aFISKH
_bkhr
_cFISKH
_dFISKH
082 _a635.96
100 _aChanthea, Nhem
245 _aការដាំប៉េងប៉ោះ /
_cអ្នកនិពន្ធ ញ៉ែម ចន្ធា និង ហេង ម៉េង​
250 _aEditions Sipar 2011
260 _aPhnom Penh :
_bSipar ,
_c2011.
300 _a40 pages :
_bcolor illustrations ;
_c28 cm .
490 _aងាយៗពី ......
520 _aសៀវភៅនេះផ្តល់នូវសេចក្តីណែនាំជាក់ស្តែង និងងាយស្រួលយល់សម្រាប់ការដាំប៉េងប៉ោះឲ្យទទួលបានជោគជ័យ។
520 _aThis book provides practical and easy-to-understand guidance on how to grow tomatoes successfully.
650 _aការដាំប៉េងប់ោះ
650 _aHow to grow tomatoes
700 _aSophaleap, Nhek
_eIllustrator
942 _2ddc
_cKHB
_n0
999 _c8730
_d8730